|
|
|
|
| LEADER |
00000cam a2200000 a 4500 |
| 001 |
vtls001137067 |
| 003 |
SK-MaSNL |
| 005 |
20260301002003.0 |
| 008 |
240611s1995 xo oa g |00 pdslo |
| 015 |
|
|
|a SNBA1996/0300742
|
| 020 |
|
|
|a 8085665557
|q (brož.)
|
| 035 |
|
|
|a SNK000079920
|
| 035 |
|
|
|a urn:nbn:sk:snk-amkphq
|
| 035 |
|
|
|a urn:nbn:sk:snk-am005eyu
|
| 035 |
|
|
|a BFBDB899-C549-416A-B363-39C2F236F089
|
| 040 |
|
|
|a SNK
|b slo
|c SNK
|e AACR2
|
| 041 |
0 |
|
|a slo
|a cze
|
| 044 |
|
|
|a xo
|c SK
|
| 080 |
|
|
|a 885.4-1
|2 1981
|
| 100 |
1 |
|
|a Samsonová-Kosmanová, Yvetta,
|d 1958-
|4 aut
|9 245448
|
| 245 |
1 |
0 |
|a Záznamy
|c Yvetta Samsonová
|
| 260 |
|
|
|a Bratislava
|b Slovak Academic Press
|c 1995
|
| 300 |
|
|
|a 102 s.
|b fotogr., ilustr.
|c 20 cm
|
| 500 |
|
|
|a Text čiastočne česky
|
| 655 |
|
7 |
|a slovenská poézia
|2 SNKPH
|9 70444
|
| 700 |
1 |
|
|a Štrbová-Jarošová, Iva,
|d 1959-
|4 ill
|9 132712
|
| 852 |
|
|
|a Slovenská národná knižnica
|
| 919 |
|
|
|a 80-85665-55-7
|
| 954 |
|
|
|a beletria pôvodná (slovenská)
|2 lita
|
| 958 |
|
|
|a TL
|
| 958 |
|
|
|a LX
|
| 999 |
|
|
|c 536261
|d 538191
|
| 952 |
|
|
|t P60, <09>, [BOOK], {629}
|a SNK
|b SNK
|y NEVYP
|7 0
|o snkC 203
|i snk426/960123
|0 0
|1 0
|4 0
|d 1996-01-22
|l 0
|r 2005-01-01 00:00:00
|w 2026-02-23
|
| 952 |
|
|
|t P60, <03>, [BOOK], {603}
|a SNK
|b SNK
|y PREZ
|7 0
|p 17A0002781
|o snkSD 67585
|i snkKSP 991/96
|0 0
|1 0
|4 0
|d 1996-01-22
|l 0
|r 2005-01-01 00:00:00
|w 2026-02-23
|
| 952 |
|
|
|t P60, <04>, [BOOK], {604}
|a SNK
|b SNK
|y VYP
|7 0
|p 17A0004396
|o snkSD 67585 D1
|i snkKSP 992/96
|0 0
|1 0
|4 0
|d 1996-01-22
|f 1
|l 0
|r 2005-01-01 00:00:00
|w 2026-02-23
|